Η εφαρμογή του λογικού θετικισμού στο πλαίσιο των κοινωνικών επιστημών : πτυχιακή εργασία

Αποθηκεύτηκε σε:
Λεπτομέρειες βιβλιογραφικής εγγραφής
Κύριος συγγραφέας: Ρουμελιώτης, Σπύρος
Συγγραφή απο Οργανισμό/Αρχή: Πανεπιστήμιο Αιγαίου Σχολή Κοινωνικών Επιστημών Τμήμα Κοινωνιολογίας
Άλλοι συγγραφείς: Ναγόπουλος, Νίκος (Εισηγητής διατριβής)
Μορφή: Thesis Βιβλίο
Γλώσσα:Greek
Δημοσίευση: 2011
Θέματα:
Διαθέσιμο Online:http://hdl.handle.net/11610/7701
Ετικέτες: Προσθήκη ετικέτας
Δεν υπάρχουν, Καταχωρήστε ετικέτα πρώτοι!

MARC

LEADER 00000cam a2200000 i 4500
001 1/19588
008 120515s2011 gre d
035 |l 10112485 
040 |a GR-MY-UA  |b gre  |e aacr 
041 0 |a gre 
082 0 |a 301  |2 (22) 
100 1 |a Ρουμελιώτης, Σπύρος. 
245 1 2 |a Η εφαρμογή του λογικού θετικισμού στο πλαίσιο των κοινωνικών επιστημών :  |b πτυχιακή εργασία /  |c Ρουμελιώτης Σπύρος ; υπεύθυνος καθηγητής: Ναγόπουλος Νίκος 
260 |c 2011 
300 |a 77 σ.;  |c 30 εκ. 
500 |a Βιβλιογραφία: σ. 67-77 
502 |a Πτυχιακή εργασία – Πανεπιστήμιο Αιγαίου, Λέσβος, 2011. 
650 0 0 |a Social sciences  |x Philosophy. 
650 0 0 |a Social sciences  |x Methodology. 
650 0 0 |a Dissertations, Academic  |z Greece. 
700 1 |4 ths  |a Ναγόπουλος, Νίκος. 
710 2 |a Πανεπιστήμιο Αιγαίου  |b Σχολή Κοινωνικών Επιστημών  |b Τμήμα Κοινωνιολογίας. 
852 |a INST  |b LESVOS  |c DIATR  |e 20120515  |h 433  |p 005100050356  |q 005100050356  |t DIE  |y 23 
852 |a INST  |b LESVOS  |c DIATR  |e 20120515  |h 434  |p 005100050355  |q 005100050355  |t DIE  |y 23 
856 |u http://hdl.handle.net/11610/7701 
901 |a BIBL1-2012-2 
909 |a Λ  |b 173650 
909 |a Λ  |b 173649 
924 |a ΡΟΥΜΕΛΙΩΤΗΣ  |b ΣΠΥΡΟΣ  |y ΛΕΣΒΟΣ  |z 2011-04 
970 |a ΤΖΑΦΕΡΗ  |b ΕΥΑΓΓΕΛΙΑ  |z 2012/05/15